000 01015nam a2200253Ia 4500
001 18607
003 GE_BSU
008 181216s||||||||xx |||||||||||||| ||und||
040 _cGE_BSU
080 _a902.6
100 _aკერამი,კ,
245 _aღმერთები,აკლდამები და მეცნიერები: რომანი არქეოლოგიაზე
245 _bრომანი
245 _cთარგმნა ლაშა ჯანაშიამ. წინასიტყვ. ავტ. გ. მელიქიშვილი
260 _aთბილისი
260 _bნაკადული
260 _c1972
300 _a391გვ.ილ.22სმ.
520 _aქსეროქსი
541 _h11,75
653 _aქსეროქსი
653 _aღმერთები,აკლდამები და მეცნიერები: რომანი არქეოლოგიაზე
942 _cBK
999 _c51616
_d51616